[Event "Minneapolis"]
[Site "Minneapolis"]
[Date "2013.03.16"]
[Round "3"]
[White "Bartholomew, John"]
[Black "Iwu, Okechukwu N"]
[Result "1/2-1/2"]
[WhiteElo "2441"]
[BlackElo "2185"]
[PlyCount "94"]
[EventDate "2013.03.15"]
[EventType "tourn"]
[EventRounds "5"]
[EventCountry "USA"]
[EventCategory "2"]
[SourceTitle "CBM 153 Extra"]
[Source "ChessBase"]
[SourceDate "2013.04.22"]
[SourceVersion "1"]
[SourceVersionDate "2013.04.22"]
[SourceQuality "1"]

1. Nf3 d5 2. d4 Nf6 3. c4 c6 4. Nc3 dxc4 5. a4 Na6 6. e4 Bg4 7. Bxc4 e6 8. 0-0 Nb4 9. Be3 Be7 10. h3 Bxf3 11. Qxf3 Nc2 12. Rad1 Nxe3 13. Qxe3 Qb6 14. f4 Rd8 15. e5 Ng8 16. f5 exf5 17. Rxf5 Nh6 18. Rff1 0-0 19. Kh1 Kh8 20. Ne4 Qxb2 21. Nf6 Qb4 22. Bb3 gxf6 23. Qxh6 fxe5 24. Bc2 f5 25. Rxf5 Rd7 26. Rdf1 Rxf5 27. Bxf5 Bf8 28. Qf6+ Rg7 29. Be6 Be7 30. Qxe5 Bd6 31. Qh5 Rg6 32. Bf5 Qc4 33. Re1 Qc3 34. Re8+ Kg7 35. Qh4 Qc1+ 36. Re1 Qg5 37. Qxg5 Rxg5 38. g4 h5 39. h4 Bg3 40. hxg5 Bxe1 41. gxh5 Bd2 42. g6 Be3 43. Bc8 Bxd4 44. Bxb7 c5 45. Ba6 Kh6 46. Be2 c4 47. Bxc4 Kxh5 1/2-1/2

[Event "Kings Island op 21st"]
[Site "Mason"]
[Date "2012.11.10"]
[Round "3"]
[White "Mitkov, Nikola"]
[Black "Iwu, Okechukwu N"]
[Result "1-0"]
[WhiteElo "2604"]
[BlackElo "2253"]
[PlyCount "65"]
[EventDate "2012.11.09"]
[EventType "swiss"]
[EventRounds "5"]
[EventCountry "USA"]
[SourceTitle "EXT 2018"]
[Source "ChessBase"]
[SourceDate "2017.10.13"]
[SourceVersion "1"]
[SourceVersionDate "2017.10.13"]
[SourceQuality "1"]

1. e4 d5 2. exd5 Qxd5 3. Nc3 Qa5 4. d4 Nf6 5. Bc4 c6 6. Bd2 Qb6 7. Nf3 Bf5 8. Qe2 e6 9. 0-0-0 Bb4 10. Ne5 Nbd7 11. Nxd7 Kxd7 12. Na4 Bxd2+ 13. Rxd2 Qc7 14. Nc5+ Ke7 15. f3 h5 16. Qe5 Rac8 17. Re1 Kf8 18. Qe3 b6 19. Ne4 Qe7 20. h4 b5 21. Bf1 Nd5 22. Qf2 Nb6 23. Nc5 Na4 24. Nxa4 bxa4 25. Re5 Qb4 26. Rc5 Kg8 27. Qg3 Kh7 28. c3 Qb6 29. Qf4 Qc7 30. Qxc7 Rxc7 31. a3 Rb8 32. Be2 Rb6 33. Bd1 1-0

[Event "Chicago op 20th"]
[Site "Wheeling"]
[Date "2011.05.28"]
[Round "5"]
[White "Iwu, Okechukwu N"]
[Black "Shabalov, Alexander"]
[Result "0-1"]
[WhiteElo "2158"]
[BlackElo "2586"]
[PlyCount "26"]
[EventDate "2011.05.26"]
[EventType "swiss"]
[EventRounds "9"]
[EventCountry "USA"]
[SourceTitle "CBM 142 Extra"]
[Source "ChessBase"]
[SourceDate "2011.06.27"]
[SourceVersion "1"]
[SourceVersionDate "2011.06.27"]
[SourceQuality "1"]

1. d4 Nf6 2. Nf3 g6 3. Bg5 Bg7 4. Nbd2 0-0 5. c3 d6 6. e4 Nc6 7. Be2 h6 8. Bh4 e5 9. dxe5 dxe5 10. Qc2 Qe8 11. 0-0 Nh5 12. Rfd1 f5 13. Ne1 g5 0-1

[Event "Saint Paul 3rd"]
[Site "Saint Paul"]
[Date "2010.03.07"]
[Round "9"]
[White "Odeh, Kenneth"]
[Black "Iwu, Okechukwu N"]
[Result "1/2-1/2"]
[WhiteElo "2012"]
[BlackElo "2175"]
[PlyCount "81"]
[EventDate "2010.02.27"]
[EventType "tourn"]
[EventRounds "9"]
[EventCountry "USA"]
[SourceTitle "CBM 135 Extra"]
[Source "ChessBase"]
[SourceDate "2010.05.04"]
[SourceVersion "1"]
[SourceVersionDate "2010.05.04"]
[SourceQuality "1"]

1. Nf3 b5 2. d4 Nf6 3. e3 a6 4. c4 bxc4 5. Bxc4 e6 6. 0-0 Bb7 7. Nbd2 d5 8. Be2 c5 9. dxc5 Bxc5 10. Nb3 Bb6 11. Bd2 Nc6 12. Nbd4 0-0 13. Nxc6 Bxc6 14. Rc1 Qd6 15. Bc3 Rfc8 16. Qb3 Nd7 17. Bb4 Qb8 18. Bd3 Bd8 19. Qa3 Bf6 20. Nd4 Bb7 21. Bd6 Qa7 22. Rxc8+ Rxc8 23. Qa4 Nb6 24. Qb4 Nc4 25. Bxc4 Rxc4 26. Qa5 Qa8 27. b3 Rc8 28. Bc7 g6 29. f4 Bc6 30. Qb6 Qb7 31. Qxb7 Bxb7 32. Bb6 Be7 33. g4 f6 34. Nf3 Rc6 35. Bd4 a5 36. g5 f5 37. Ne5 Rc2 38. Rf2 Rc1+ 39. Rf1 Rc2 40. Rf2 Rc1+ 41. Rf1 1/2-1/2

[Event "Saint Paul 3rd"]
[Site "Saint Paul"]
[Date "2010.02.28"]
[Round "4"]
[White "Wasiluk, Kevin M"]
[Black "Iwu, Okechukwu N"]
[Result "1/2-1/2"]
[WhiteElo "2214"]
[BlackElo "2175"]
[PlyCount "79"]
[EventDate "2010.02.27"]
[EventType "tourn"]
[EventRounds "9"]
[EventCountry "USA"]
[SourceTitle "CBM 135 Extra"]
[Source "ChessBase"]
[SourceDate "2010.05.04"]
[SourceVersion "1"]
[SourceVersionDate "2010.05.04"]
[SourceQuality "1"]

1. d4 Nf6 2. c4 e6 3. g3 Bb4+ 4. Bd2 Qe7 5. Bg2 Nc6 6. e3 Bxd2+ 7. Qxd2 Qb4 8. Ne2 Qxc4 9. 0-0 d5 10. Nbc3 Qb4 11. a3 Qe7 12. b4 a6 13. Rfc1 Nb8 14. e4 dxe4 15. Qg5 h6 16. Qf4 0-0 17. Nxe4 Nd5 18. Qe5 Nd7 19. Qh5 Rd8 20. f4 c6 21. Rc5 Nxc5 22. bxc5 f5 23. Nd2 Ne3 24. Rb1 Nc2 25. Nf3 Nxa3 26. Rd1 Nb5 27. Ne5 Bd7 28. g4 Be8 29. Qh3 Qf6 30. Qe3 fxg4 31. Ng3 h5 32. h3 Qh4 33. Ne4 Rd5 34. Ng5 Rxe5 35. Qxe5 Bf7 36. Qe4 g6 37. Rd3 Rd8 38. Qe5 Rd7 39. Ne4 Kf8 40. Ng5 1/2-1/2

[Event "Chicago op 18th"]
[Site "Chicago"]
[Date "2009.05.25"]
[Round "7"]
[White "Airapetian, Chouchanik"]
[Black "Iwu, Okechukwu N"]
[Result "0-1"]
[WhiteElo "2135"]
[BlackElo "2203"]
[PlyCount "148"]
[EventDate "2009.05.22"]
[EventType "swiss"]
[EventRounds "7"]
[EventCountry "USA"]
[SourceTitle "CBM 130 Extra"]
[Source "ChessBase"]
[SourceDate "2009.07.02"]
[SourceVersion "2"]
[SourceVersionDate "2009.07.15"]
[SourceQuality "1"]

1. e4 e6 2. d4 d5 3. Nc3 Bb4 4. e5 b6 5. Qg4 Bf8 6. Bg5 Qd7 7. 0-0-0 h6 8. Bd2 Ba6 9. Nge2 Nc6 10. h4 h5 11. Qf4 0-0-0 12. f3 g6 13. g4 Bh6 14. Qg3 Na5 15. Bh3 Bxd2+ 16. Rxd2 Nc4 17. Rdd1 Qe7 18. a3 hxg4 19. Bxg4 Ne3 20. Rdg1 Nh6 21. h5 gxh5 22. Rxh5 Nhf5 23. Qh3 Rhf8 24. Rh7 Rg8 25. Qh5 Rgf8 26. Re1 Qe8 27. Qg5 Qc6 28. Qf6 Bxe2 29. Rxe2 Nxg4 30. fxg4 Nxd4 31. Rd2 Qc5 32. g5 Rd7 33. Rf2 Nf5 34. Rd2 Qe7 35. Ne2 Qxf6 36. gxf6 Rg8 37. Nf4 Ne3 38. Rg7 Rh8 39. Rf2 Nc4 40. Kb1 Nxe5 41. c3 c5 42. Re2 Nc6 43. Nd3 Kc7 44. Kc2 Kd6 45. Nf2 Rh4 46. Ng4 Rh5 47. Kd2 Rf5 48. Rh2 Ne5 49. Rh6 Nxg4 50. Rxg4 e5 51. Rg8 Rf2+ 52. Kc1 c4 53. Re8 e4 54. Kb1 Rf5 55. Kc2 Re5 56. Rc8 Re6 57. Rg8 e3 58. Kd1 Ke5 59. Rg3 d4 60. cxd4+ Rxd4+ 61. Ke2 Rd2+ 62. Kxe3 Rd3+ 63. Kf2 Rxg3 64. Kxg3 Rxf6 65. Rh8 Kd4 66. Rc8 b5 67. Rb8 a6 68. a4 Kc5 69. axb5 axb5 70. Re8 Re6 71. Rf8 Re2 72. Rxf7 Rxb2 73. Kf3 Rd2 74. Ke3 Rd8 0-1

[Event "Foxwoods op"]
[Site "Ledyard"]
[Date "2009.04.12"]
[Round "8"]
[White "Iwu, Okechukwu N"]
[Black "Sobo, Henry C"]
[Result "1-0"]
[WhiteElo "2198"]
[BlackElo "2074"]
[PlyCount "72"]
[EventDate "2009.04.08"]
[EventType "swiss"]
[EventRounds "9"]
[EventCountry "USA"]
[SourceTitle "CBM 129 Extra"]
[Source "ChessBase"]
[SourceDate "2009.05.05"]
[SourceVersion "2"]
[SourceVersionDate "2009.05.20"]
[SourceQuality "1"]

1. Nf3 e6 2. c4 Nf6 3. g3 b6 4. Bg2 Bb7 5. 0-0 Be7 6. b3 0-0 7. Bb2 c5 8. Nc3 Ne4 9. Qc2 Nxc3 10. Bxc3 d6 11. Ng5 Bxg5 12. Bxb7 Nd7 13. Bxa8 Qxa8 14. d4 f5 15. Rad1 f4 16. dxc5 fxg3 17. hxg3 Nxc5 18. f3 Qe8 19. Kg2 h5 20. Rh1 e5 21. Rxd6 e4 22. Qd1 exf3+ 23. exf3 Qe3 24. Bd4 Qe7 25. Bxc5 bxc5 26. Qd5+ Rf7 27. Re6 Qd8 28. Qxd8+ Bxd8 29. Re8+ Rf8 30. Rxf8+ Kxf8 31. Rxh5 Be7 32. Rh8+ Kf7 33. Ra8 Ke6 34. Rxa7 Bf6 35. Ra6+ Ke5 36. Rxf6 gxf6 1-0